000 00625nam a22002297a 4500
005 20170124110130.0
010 _a138025
020 _c00.00
035 _a138025
037 _bCen Lib/Ret
040 _aDPL
_bEN
082 _aN
_bSIM
100 _aSimenon, Georges
_931958
245 _aThe son /
_cby Georges Simenon; translated by Daphne Woodward
260 _bHamish Hamilton
_aLondon
_c1958
270 _bLondon
_a90 Great Russell Street
300 _a191p.
_c18cm(Hb)
650 _aFiction in English
_928291
650 _aShort stories
_944
700 _aWoodward, Daphne
_931959
942 _2ddc
_cEN
_hN
_mSIM
999 _c131504
_d131504